Nâng cấp chuỗi giá trị cam sành tỉnh Hậu Giang : Luận văn tốt nghiệp Cao học ngành: Kinh tế Nông nghiệp
Trên cơ sở phân tích những thuận lợi khó khan, có 4 chiến lược để phát triển sản phẩm cam sành: (i) Nhóm chiến lược công kích: Tăng cường các hoạt động quảng bá và tiếp cận thị trường, (II) Nhóm chiến lược thích ứng: Nâng cao và ổn...
সংরক্ষণ করুন:
| প্রধান লেখক: | |
|---|---|
| বিন্যাস: | গ্রন্থ |
| ভাষা: | Undetermined |
| প্রকাশিত: |
Cần Thơ
Trường Đại học Cần Thơ
2020
|
| বিষয়গুলি: | |
| ট্যাগগুলো: |
ট্যাগ যুক্ত করুন
কোনো ট্যাগ নেই, প্রথমজন হিসাবে ট্যাগ করুন!
|
| Thư viện lưu trữ: | Trung tâm Học liệu Trường Đại học Cần Thơ |
|---|
| LEADER | 01460nam a2200241Ia 4500 | ||
|---|---|---|---|
| 001 | CTU_239257 | ||
| 008 | 210402s9999 xx 000 0 und d | ||
| 082 | |a 338.16 | ||
| 082 | |b V500 | ||
| 088 | |a 8620115 | ||
| 100 | |a Nguyễn, Thanh Vũ | ||
| 245 | 0 | |a Nâng cấp chuỗi giá trị cam sành tỉnh Hậu Giang : | |
| 245 | 0 | |b Luận văn tốt nghiệp Cao học ngành: Kinh tế Nông nghiệp | |
| 245 | 0 | |c Nguyễn Thanh Vũ ; Nguyễn Phú Son (cán bộ hướng dẫn) | |
| 260 | |a Cần Thơ | ||
| 260 | |b Trường Đại học Cần Thơ | ||
| 260 | |c 2020 | ||
| 520 | |a Trên cơ sở phân tích những thuận lợi khó khan, có 4 chiến lược để phát triển sản phẩm cam sành: (i) Nhóm chiến lược công kích: Tăng cường các hoạt động quảng bá và tiếp cận thị trường, (II) Nhóm chiến lược thích ứng: Nâng cao và ổn định sản phẩm.(III) Nhóm chiến lược điều chỉnh: Sản xuất và tiêu thụ theo hướng chất lượng. (IV) Nhóm chiến lược phòng thủ: Củng cố hợp tác xã | ||
| 650 | |a Nông nghiệp,Agriculture | ||
| 650 | |x Khía cạnh kinh tế,Economic aspects | ||
| 650 | |z Việt Nam,Vietnam | ||
| 904 | |i Qhieu | ||
| 980 | |a Trung tâm Học liệu Trường Đại học Cần Thơ | ||